01663nam a22003014a 4500001000400000003000800004005001700012008004100029020001800070040000800088041001300096082001500109100003300124240002300157245007900180250001300259260003000272300001900302520086800321650002501189650002101214650001001235650002301245655001201268655001501280700002801295830003801323504BR-IBIA20260129102449.0161006s2015 bl a g 000 f por  a9788562936524 bpor1 aporheng04a813bM381c1 aMartin, George R. R.,d1948-02aA game of thrones.12aA guerra dos tronos /cGeorge R. R. Martin ; tradução Jorge Candeiais. a1. ed. - aSão Paulo :bLeyac2015 a587p. :bil. ; aEm uma terra onde o verão pode durar décadas e o inverno toda uma vida, os problemas estão apenas começando. O frio está de volta e, nas florestas ao norte de Winterfell, forças sobrenaturais se espalham por trás da Muralha que protege a região. No centro do conflito estão os Stark do reino de Winterfell, uma família tão áspera quanto as terras que lhe pertencem. Dos lugares onde o frio é brutal, até os distantes reinos de plenitude e sol, George R. R. Martin narra uma história de lordes e damas, soldados e mercenários, assassinos e bastardos, que se juntam em um tempo de presságios malignos. Entre disputas por reinos, tragédias e traições, vitória e terror, o destino dos Stark, seus aliados e seus inimigos é incerto. Mas cada um está se esforçando para ganhar este conflito mortal: a guerra dos tronos.  aLiteratura Americana aFantasia épica aMagia 0aMundos fictícios aRomance aFicção1 aCandeias, Jorge,d1966- aAs crônicas de gelo e fogovv.1